Echelle de mots : de Guerre à Paix - Statistiques

Statistiques générales
  • Ce quiz a été pris 1 724 fois
  • Le résultat moyen est 22 sur 33
Statistiques - réponses
Indice Réponse % Correct
S'oppose à paix Guerre
100%
Il a un enfant Père
93%
Lieu d'une célèbre tour penchée Pise
92%
(-1 lettre) Pas beaucoup, pas très Guère
91%
Risque de l'argent en jeu Mise
86%
A un certain poids, une certaine masse Pèse
86%
(-1 lettre) Administre une affaire, des intérêts pour le compte d'autrui Gère
85%
(+1 lettre) Mère de Jésus Marie
83%
Homme uni à une femme Mari
82%
Fruit noir de la ronce des haies, comestible Mure
82%
Petite nappe d'eau peu profonde qui stagne Mare
79%
Point que l'on veut atteindre en tirant avec une arme à feu Mire
76%
(-1 lettre) Pas propre Sale
73%
Rapports entre personnes qui ne sont pas en conflit Paix
72%
(+1 lettre) Bolognaise ou Béarnaise par exemple Sauce
70%
Salaire Paie
67%
(-1 lettre) : Adjectif Féminin, signifiant "certain", "assuré" Sure
67%
Aspire à l'aide des lèvres Suce
65%
Substance alimentaire (saccharose) de saveur douce, soluble dans l'eau Sucre
65%
Forme de jeu où le gain dépend de l'issue d'une épreuve Pari
63%
Traitement médical d'une certaine durée Cure
61%
Arbre ou arbrisseau qui croît dans les lieux humides Saule
60%
Adjectif féminin, signifiant "Qui ne renferme aucun élément mauvais ou défectueux" Pure
59%
Personne qui pratique les sciences occultes, la magie Mage
57%
Être lassé ou ne plus pouvoir supporter quelque chose, quelqu'un Marre
57%
Chacun des deux côtés d'une feuille de papier Page
55%
Raconte, relate Narre
54%
Qui fait preuve de sûreté dans ses jugements et sa conduite Sage
54%
Prends ses précautions contre un danger quelconque Paré
46%
Être vivement attristé de quelque chose, désolé, confus Navré
44%
Simplement digne d’admiration et de respect Sacré
43%
Matière calcaire blanche et dure aux reflets irisés Nacré
42%
Livré au public Paru
37%
Aucun quiz correspondant
Distribution des résultats
% des personnes avec chaque résultat
Percentile par nombre de réponses
Votre historique - résultats
Vous n’avez pas pris ce quiz